[Event "Xabia Region-ch Preferente"]
[Site "Xabia"]
[Date "2015.10.24"]
[Round "3.5"]
[White "Portillo Segura, Antonio"]
[Black "Noguera Ballester, Jose Javier"]
[Result "1/2-1/2"]
[WhiteElo "1537"]
[BlackElo "1878"]
[PlyCount "133"]
[EventDate "2015.10.03"]
[EventType "swiss"]
[EventRounds "7"]
[EventCountry "ESP"]
[SourceTitle "EXT 2024"]
[Source "ChessBase"]
[SourceDate "2023.10.10"]
[SourceVersion "1"]
[SourceVersionDate "2023.10.10"]
[SourceQuality "1"]

1. d4 Nf6 2. e3 g6 3. b3 Bg7 4. Bb2 d6 5. Nf3 0-0 6. Be2 Nbd7 7. 0-0 c6 8. c4 a5 9. Nc3 Qc7 10. d5 Nc5 11. Qc2 Bf5 12. Qd1 Nfe4 13. Nd4 Nxc3 14. Bxc3 Ne4 15. Bb2 Bd7 16. f3 Nc5 17. Rc1 e5 18. dxe6 fxe6 19. Ba3 Qb6 20. Qd2 Rad8 21. Rb1 Bc8 22. b4 axb4 23. Bxb4 Qa7 24. Ba5 Rd7 25. Bb6 Qa8 26. Ba5 e5 27. Nb3 Ne6 28. f4 exf4 29. exf4 Qa7+ 30. Kh1 Rdf7 31. Bg4 Nd4 32. Bxc8 Rxc8 33. Qe3 c5 34. Qd2 b6 35. Bxb6 Qa6 36. Nxd4 Bxd4 37. Rb5 Rcf8 38. Ba5 g5 39. g3 Qc6+ 40. Qg2 Qxg2+ 41. Kxg2 gxf4 42. gxf4 Rxf4 43. Rxf4 Rxf4 44. Bc7 Be5 45. Ra5 Rxc4 46. h3 Rc2+ 47. Kf3 Kf7 48. Ra6 Ke6 49. a4 Ra2 50. h4 Kd5 51. h5 Ra3+ 52. Kg4 Rg3+ 53. Kf5 Rf3+ 54. Kg5 Rf7 55. Ba5 Kc4 56. Bd8 Kb4 57. a5 c4 58. Rb6+ Kc5 59. Rb8 d5 60. Bb6+ Kc6 61. Rc8+ Kb7 62. Re8 Bc7 63. Bxc7 Rxc7 64. Re1 c3 65. Kf5 c2 66. Rc1 d4 67. Ke4 1/2-1/2